Some effects of moisture and host plant susceptibility on the development of powdery mildew of roses, caused by Sphaeroteca pannosa var. rosse /

Hlavní autor: Rogers, Martin N.
Jazyk: Angličtina
Vydáno: New York : Cornell University, 1959
Edice: Memoir ; 363
Fyzický popis: 37 s.
Knihy
Uloženo v:
LEADER 00819nam a22002292a 4500
001 001659899
003 CZ BrMZK
005 20181218074217.0
007 ta
008 181208s1959 xxu er|||||||||||eng d
040 |a BOA001  |b cze  |e aacr2 
100 1 |a Rogers, Martin N.  |4 aut 
245 1 0 |a Some effects of moisture and host plant susceptibility on the development of powdery mildew of roses, caused by Sphaeroteca pannosa var. rosse /  |c M.N. Rogers 
260 |a New York :  |b Cornell University,  |c 1959 
300 |a 37 s. 
490 1 |a Memoir ;  |v 363 
504 |a Obsahuje bibliografii 
810 2 |a Cornell University Agricultural Experiment Station.  |t Memoir 
910 |a BOA001  |b X-0436.427 
990 |a BK 
991 |b 201812 
996 7 |b 2618965417  |c X-0436.427  |l MZK  |r Sklad / do 24 hodin  |n 0  |w 001699052  |u 000010  |a 1  |e BOA001  |j MZK50  |s A